000 00420nam a2200157 4500
999 _c512345
_d512345
008 191119b ||||| |||| 00| 0 eng d
100 _aNazareth, P.A.
_913493
245 _aTransformation through people's power
260 _bYojana
300 _a63, Oct, 2019: p.45-50.
650 _aManagement
_913494
650 _aFreedom struggle
_913495
773 _aYojana
906 _aGandhi, M.K.
942 _2ddc
_cAR